000 00382nam a2200109Ia 4500
008 220216s9999 xx 000 0 und d
245 0 _aLatex producing pattern under earlier reopening in Yunnan province
260 _bProceedings of the IRRDB Symposium: Rubber Physiology and Exploitation, China, 1986; p209-222
650 _aLatex flow
650 _aLatex regeneration
942 _cJS
999 _c62057
_d62057